[Event "Visakhapatnam Vizag op"]
[Site "Visakhapatnam"]
[Date "2022.06.16"]
[Round "9"]
[White "Weerawardane, Romesh"]
[Black "Konguvel, Ponnuswamy"]
[Result "0-1"]
[WhiteElo "2003"]
[BlackElo "2299"]
[PlyCount "66"]
[EventDate "2022.06.10"]
[EventType "swiss"]
[EventRounds "10"]
[EventCountry "IND"]
[SourceTitle "CBM 208 Extra"]
[Source "ChessBase"]
[SourceDate "2022.07.31"]
[SourceVersion "1"]
[SourceVersionDate "2022.07.31"]
[SourceQuality "1"]

1. Nf3 Nf6 2. g3 g6 3. Bg2 Bg7 4. 0-0 0-0 5. c4 d6 6. Nc3 e5 7. d3 Nc6 8. Rb1 h6 9. b4 a6 10. a4 Be6 11. b5 axb5 12. axb5 Ne7 13. Bb2 c6 14. c5 dxc5 15. Nxe5 cxb5 16. Nxb5 Ba2 17. Ra1 Qb6 18. Ba3 Qxb5 19. Rxa2 Nfd5 20. Rb2 Qa6 21. Bxc5 Bxe5 22. d4 Bd6 23. Bxd6 Qxd6 24. Rxb7 Rab8 25. Rxb8 Rxb8 26. e4 Nc3 27. Qd2 Qxd4 28. Qxh6 Nc6 29. Re1 Rb2 30. Qe3 Qxe3 31. fxe3 Ne5 32. h3 Ne2+ 33. Kh2 Nf4 0-1

[Event "SRI-ch"]
[Site "Colombo"]
[Date "2020.09.13"]
[Round "5"]
[White "Randil, Lakshita"]
[Black "Weerawardane, Romesh"]
[Result "1/2-1/2"]
[WhiteElo "1927"]
[BlackElo "1995"]
[PlyCount "113"]
[EventDate "2020.09.11"]
[EventType "tourn"]
[EventRounds "13"]
[EventCountry "SRI"]
[SourceTitle "CBM 198 Extra"]
[Source "ChessBase"]
[SourceDate "2020.11.30"]
[SourceVersion "1"]
[SourceVersionDate "2020.11.30"]
[SourceQuality "1"]

1. Nf3 Nf6 2. c4 e6 3. g3 d5 4. b3 Be7 5. Bb2 0-0 6. Bg2 c5 7. 0-0 d4 8. e3 Nc6 9. exd4 cxd4 10. Re1 Bc5 11. d3 Qd6 12. a3 a5 13. Nbd2 h6 14. Qe2 Re8 15. Ne5 Nxe5 16. Qxe5 Qxe5 17. Rxe5 Nd7 18. Re2 Rd8 19. Nf3 Ra6 20. Nxd4 Nf6 21. Nb5 Rxd3 22. Bc3 Bd7 23. Rd2 Rxd2 24. Bxd2 Bc6 25. Rd1 Bxb5 26. cxb5 Rd6 27. Bf3 Bxa3 28. Bxa5 Rxd1+ 29. Bxd1 Bc5 30. Bf3 Nd5 31. Kf1 Kf8 32. Ke2 Ke7 33. Bxd5 exd5 34. f3 h5 35. Bd2 Bg1 36. h3 Kd6 37. Bb4+ Bc5 38. Bd2 d4 39. Kd3 Kd5 40. g4 g6 41. Bh6 Bd6 42. Bg7 Be5 43. Bf8 Bf6 44. Ba3 Bh4 45. Bb2 Bf2 46. Bc1 Kc5 47. Ba3+ Kxb5 48. gxh5 gxh5 49. Ke4 Be3 50. Be7 f5+ 51. Kd3 Kc6 52. Kc4 b5+ 53. Kd3 Kd5 54. Bf6 Bg1 55. Bg7 Be3 56. Bf6 Kc5 57. Be7+ 1/2-1/2

[Event "SRI-chB"]
[Site "Maharaga"]
[Date "2020.03.14"]
[Round "8.2"]
[White "Weerawardane, Romesh"]
[Black "Amarasinghe, AACB"]
[Result "1/2-1/2"]
[WhiteElo "2057"]
[BlackElo "1925"]
[PlyCount "48"]
[EventDate "2020.03.06"]
[EventType "swiss"]
[EventRounds "11"]
[EventCountry "SRI"]
[SourceTitle "CBM 195 Extra"]
[Source "ChessBase"]
[SourceDate "2020.05.31"]
[SourceVersion "1"]
[SourceVersionDate "2020.05.31"]
[SourceQuality "1"]

1. d4 Nf6 2. c4 g6 3. f3 c5 4. d5 e6 5. Nc3 exd5 6. cxd5 d6 7. e4 Bg7 8. Bd3 0-0 9. Nge2 a6 10. a4 Nbd7 11. 0-0 Ne5 12. Bc2 Bd7 13. f4 Neg4 14. h3 Nh6 15. Ng3 b5 16. Qf3 b4 17. Nd1 Nfg4 18. Ne2 Nf6 19. Ng3 Kh8 20. Ne3 Re8 21. e5 dxe5 22. f5 e4 23. Nxe4 Nxe4 24. Bxe4 Rxe4 1/2-1/2

[Event "SRI-chB"]
[Site "Maharaga"]
[Date "2020.03.07"]
[Round "3.3"]
[White "Weerawardane, Romesh"]
[Black "Mallawarachchi, TS."]
[Result "1-0"]
[WhiteElo "2057"]
[BlackElo "1854"]
[PlyCount "65"]
[EventDate "2020.03.06"]
[EventType "swiss"]
[EventRounds "11"]
[EventCountry "SRI"]
[SourceTitle "CBM 195 Extra"]
[Source "ChessBase"]
[SourceDate "2020.05.31"]
[SourceVersion "1"]
[SourceVersionDate "2020.05.31"]
[SourceQuality "1"]

1. e4 c5 2. Nf3 e6 3. d4 cxd4 4. Nxd4 Nf6 5. Nc3 Nc6 6. Be3 Bb4 7. Nxc6 bxc6 8. e5 Nd5 9. Bd2 0-0 10. Ne4 Qh4 11. Bd3 f5 12. exf6 Bxd2+ 13. Qxd2 Nxf6 14. Nd6 Ng4 15. g3 Qh5 16. f4 Qc5 17. h3 Nf6 18. 0-0-0 Rb8 19. c4 Kh8 20. Bc2 Ba6 21. b3 Nd5 22. Qd3 Qa3+ 23. Kb1 g6 24. Qd4+ Kg8 25. cxd5 cxd5 26. Qe5 Rb6 27. Ne4 dxe4 28. Rxd7 Rf7 29. Rxf7 Kxf7 30. Rc1 Rc6 31. Qxe4 Bb7 32. Qd4 Rc7 33. Bxg6+ 1-0

[Event "Asian Indoor Games 5th"]
[Site "Ashkhabad"]
[Date "2017.09.23"]
[Round "6"]
[White "Wynn, Zaw Htung"]
[Black "Weerawardane, Romesh"]
[Result "1-0"]
[WhiteElo "2446"]
[BlackElo "2078"]
[PlyCount "53"]
[EventDate "2017.09.21"]
[EventType "swiss"]
[EventRounds "7"]
[EventCountry "TKM"]
[SourceTitle "CBM 180 Extra"]
[Source "ChessBase"]
[SourceDate "2017.10.06"]
[SourceVersion "1"]
[SourceVersionDate "2017.10.06"]
[SourceQuality "1"]

1. Nf3 d5 2. g3 Nf6 3. Bg2 e6 4. 0-0 Be7 5. d3 a5 6. Nbd2 a4 7. e4 a3 8. b3 0-0 9. Re1 c5 10. e5 Nfd7 11. c4 Nc6 12. Bh3 dxc4 13. Nxc4 b5 14. Nxa3 Ndxe5 15. Nxe5 Nxe5 16. Bg2 Ra5 17. d4 Nd7 18. dxc5 Bxc5 19. Nc2 Qb6 20. Qd2 b4 21. Bb2 Rd8 22. Red1 Be7 23. Ne3 Qa6 24. Nc4 Rxa2 25. Rxa2 Qxa2 26. Ra1 Qxb3 27. Na5 1-0

[Event "Asian Indoor Games 5th"]
[Site "Ashkhabad"]
[Date "2017.09.22"]
[Round "4"]
[White "Weerawardane, Romesh"]
[Black "Ahmad, Al Khatib"]
[Result "0-1"]
[WhiteElo "2078"]
[BlackElo "2305"]
[PlyCount "74"]
[EventDate "2017.09.21"]
[EventType "swiss"]
[EventRounds "7"]
[EventCountry "TKM"]
[SourceTitle "CBM 180 Extra"]
[Source "ChessBase"]
[SourceDate "2017.10.06"]
[SourceVersion "1"]
[SourceVersionDate "2017.10.06"]
[SourceQuality "1"]

1. d4 Nf6 2. c4 c5 3. d5 b5 4. cxb5 a6 5. bxa6 g6 6. Nc3 Bxa6 7. e4 Bxf1 8. Kxf1 d6 9. g3 Bg7 10. Kg2 0-0 11. Nf3 Nbd7 12. a4 Qb6 13. Qc2 Rfb8 14. Ra3 Qb4 15. Re1 Nb6 16. Rb3 Qa5 17. Nd2 Ne8 18. Ndb1 Nc7 19. Bg5 Kf8 20. Re2 h6 21. Bd2 Nc4 22. Be1 Rxb3 23. Qxb3 Qa6 24. Nb5 Na5 25. Bxa5 Qxa5 26. Nxc7 Qxc7 27. Qc4 Rb8 28. Nc3 Rb4 29. Qa6 Kg8 30. a5 Qb8 31. Qc6 Bd4 32. a6 c4 33. Rd2 Ba7 34. Na4 Kg7 35. Rc2 c3 36. bxc3 Rb1 37. Re2 Qb3 0-1